|
|
|
|
| LEADER |
01684nam a2200313 i 4500 |
| 001 |
10088034 |
| 003 |
GR-PaULI |
| 005 |
20231221093847.0 |
| 008 |
101119s2009 gr g gre d |
| 952 |
|
|
|0 0
|1 0
|2 ddc
|4 0
|6 882_200000000000000_MAU
|7 0
|9 361288
|a LISP
|b LISP
|c BSC
|d 2022-06-16
|i 256639
|l 2
|o 882.2 MAU
|p 025000292223
|r 2022-11-08 00:00:00
|s 2022-10-19
|t 1
|w 2022-06-16
|y BK15
|
| 999 |
|
|
|c 211132
|d 211132
|
| 020 |
|
|
|a 9789604555765
|
| 040 |
|
|
|a GR-PaULI
|b gre
|c GR-PaULI
|e AACR2
|
| 041 |
1 |
|
|a gre
|h ger
|
| 082 |
0 |
4 |
|a 882.2
|2 23
|
| 100 |
1 |
|
|a Maurach, Gregor
|9 45974
|e συγγραφέας.
|
| 245 |
1 |
0 |
|a Επίτομη ιστορία της κωμωδίας στην αρχαιότητα /
|c Gregor Maurach ; επιστημονική επιμέλεια - προλογικό σημείωμα Ιωάννα Ν. Παπαδοπούλου ; μετάφραση Μαίρη Λιβανίου.
|
| 260 |
|
|
|a Αθήνα :
|b Μεταίχμιο,
|c 2009.
|
| 300 |
|
|
|a 268 σ. ;
|c 21 εκ.
|
| 490 |
1 |
|
|a Αρχαίο θέατρο / Μεταίχμιο
|
| 504 |
|
|
|a Περιέχει βιβλιογραφία (σ. 263-268).
|
| 650 |
|
4 |
|a Ελληνικό δράμα (Κωμωδία)
|x Ιστορία και κριτική.
|9 543
|
| 650 |
|
4 |
|a Ελληνικό δράμα (Κωμωδία)
|9 6996
|
| 700 |
1 |
|
|a Λιβανίου, Μαίρη
|9 90881
|e μετάφραση.
|
| 700 |
1 |
|
|a Παπαδοπούλου, Ιωάννα Ν.
|e επιμελητής,
|e συγγραφέας προλόγου.
|9 77717
|
| 765 |
0 |
8 |
|i Μετάφραση του :
|t Kleine geschichte der antiken komodie
|
| 830 |
|
0 |
|9 192134
|a Αρχαίο θέατρο (Μεταίχμιο)
|
| 942 |
|
|
|2 ddc
|c BK15
|
| 998 |
|
|
|c ΛΟΤΣΑΡΗ
|d 2022-06
|